El medicamento y su entorno / (Registro nro. 101501)

Detalles MARC
000 -LEADER
campo de control de longitud fija 00758nam a2200241 i 4500
001 - NÚMERO DE CONTROL
campo de control 101501
003 - IDENTIFICADOR DE NÚMERO DE CONTROL
campo de control ES-MaACL
005 - FECHA Y HORA DE LA ÚLTIMA TRANSACCIÓN
campo de control 20230906182925.0
007 - CAMPO FIJO DE DESCRIPCIÓN FÍSICA--INFORMACIÓN GENERAL
campo de control de longitud fija t|
008 - DATOS DE LONGITUD FIJA--INFORMACIÓN GENERAL
campo de control de longitud fija 051019s1978 sp ||||1| spa d
245 03 - MENCIÓN DEL TÍTULO
Título El medicamento y su entorno /
Mención de responsabilidad, etc. Juan Altimiras, Joaquín Bonal, Pedro Cánovas ... [et al.]; prólogo de Ramón Espasa.
250 ## - MENCION DE EDICION
Mención de edición 1ª ed.
260 ## - PUBLICACIÓN, DISTRIBUCIÓN, ETC.
Lugar de publicación, distribución, etc. Barcelona :
Nombre del editor, distribuidor, etc. Laia,
Fecha de publicación, distribución, etc. 1978.
300 ## - DESCRIPCIÓN FÍSICA
Extensión 185 p. :
Otras características físicas il. ;
Dimensiones 20 cm.
490 1# - MENCIÓN DE SERIE
Mención de serie Laia paperback
650 #4 - PUNTO DE ACCESO ADICIONAL DE MATERIA--TÉRMINO DE MATERIA
Término de materia o nombre geográfico como elemento de entrada Medicamentos.
9 (RLIN) 14884
650 #4 - PUNTO DE ACCESO ADICIONAL DE MATERIA--TÉRMINO DE MATERIA
Término de materia o nombre geográfico como elemento de entrada Industria farmacéutica-
Subdivisión geográfica España.
9 (RLIN) 148580
700 1# - ENTRADA AGREGADA--NOMBRE PERSONAL
Nombre de persona Altimiras, Juan.
9 (RLIN) 20542
700 1# - ENTRADA AGREGADA--NOMBRE PERSONAL
Nombre de persona Espasa i Oliver, Ramón.
9 (RLIN) 47788
830 1# - PUNTO DE ACCESO ADICIONAL DE SERIE-TÍTULO UNIFORME
Título uniforme Laia paperback
9 (RLIN) 181897
852 ## - LOCALIZACIÓN
Ubicación ES-MaACL
Número de control de estantería A-8611
Existencias
Estatus retirado Estado de pérdida Estado de daño No para préstamo Biblioteca de origen Biblioteca actual Ubicación en estantería Fecha de adquisición Fuente de adquisición Total de préstamos Signatura topográfica completa Código de barras Visto por última vez Precio de reemplazo Tipo de ítem Koha
        Biblioteca del Ateneo de Madrid Biblioteca del Ateneo de Madrid Depósito 1 17/01/2008     A-8611 1105968 23/02/2023 23/02/2023 Libro impreso